000 00233nam a22000857a 4500
008 160704b xxu||||| |||| 00| 0 eng d
100 _91930
_a Dash, N
245 _aTeaching of Home Science
260 _aNew Delhi
_bDominant Publication
_c2004
999 _c1632
_d1632